Statistiques concernant Métros de France

Cliquez ici pour prendre le quiz!

Statistiques générales

  • Ce quiz a été pris 396 fois
    (324 depuis la dernière actualisation)
  • Le résultat moyen est 6 sur 8

Statistiques - réponses

Longueur du réseauVille% Correct
32,05 kmLyon
100%
219,9 kmParis
100%
21,6 kmMarseille
98%
45,2 kmLille métropole
95%
28,2 kmToulouse
92%
9,4 kmRennes
90%
7,3 kmOrlyval
14%
4 kmCDGVAL
12%

Distribution des résultats

Percentile par nombre de réponses

% des personnes avec chaque résultat

Votre développement - résultats

Vous n’avez pas pris ce quiz depuis la dernière actualisation